[Event "POL-chT 1st League"]
[Site "Darlowo"]
[Date "2024.09.15"]
[Round "2.3"]
[White "Selbes, Tarik"]
[Black "Kasperek, Ryszard"]
[Result "1-0"]
[WhiteElo "2182"]
[BlackElo "2079"]
[PlyCount "91"]
[EventDate "2024.09.14"]
[EventType "team-swiss"]
[EventRounds "9"]
[EventCountry "POL"]
[SourceTitle "EXT 2025"]
[Source "ChessBase"]
[SourceDate "2024.10.14"]
[SourceVersion "1"]
[SourceVersionDate "2024.10.14"]
[SourceQuality "1"]

1. e4 c5 2. Nf3 e6 3. c3 d5 4. e5 Nc6 5. d4 Qb6 6. Bd3 cxd4 7. 0-0 Bd7 8. Re1 Rc8 9. Nbd2 Nge7 10. Nb3 dxc3 11. bxc3 Ng6 12. h4 Qc7 13. Qe2 f6 14. exf6 gxf6 15. c4 dxc4 16. Bxc4 Nce5 17. Nxe5 fxe5 18. Bd3 Bg7 19. Qg4 e4 20. Bxe4 0-0 21. h5 Ne5 22. Qg3 Nc4 23. Qg5 Qd8 24. Qg3 Kh8 25. Bg5 Qc7 26. Rad1 h6 27. Be7 Qxg3 28. fxg3 Be8 29. Bxf8 Bxf8 30. Bxb7 Rb8 31. Bf3 a5 32. Rxe6 a4 33. Nd4 Bf7 34. Rf6 Ne5 35. Nc6 Nxc6 36. Rxf7 Ne5 37. Rf5 Nc4 38. Rd7 Ne3 39. Rff7 Kg8 40. Rf6 Rb1+ 41. Kh2 Nf1+ 42. Kh3 Ne3 43. Bd5+ Nxd5 44. Rxd5 Rb8 45. Rg6+ Kh8 46. Rf5 1-0

[Event "POL-chT 1st League"]
[Site "Darlowo"]
[Date "2024.09.14"]
[Round "1.15"]
[White "Czerw, Dawid"]
[Black "Selbes, Tarik"]
[Result "1/2-1/2"]
[WhiteElo "2389"]
[BlackElo "2182"]
[PlyCount "73"]
[EventDate "2024.09.14"]
[EventType "team-swiss"]
[EventRounds "9"]
[EventCountry "POL"]
[SourceTitle "EXT 2025"]
[Source "ChessBase"]
[SourceDate "2024.10.14"]
[SourceVersion "1"]
[SourceVersionDate "2024.10.14"]
[SourceQuality "1"]

1. d4 Nf6 2. c4 e6 3. Nf3 Bb4+ 4. Bd2 Qe7 5. g3 Nc6 6. Bg2 Ne4 7. 0-0 Nxd2 8. Nbxd2 d5 9. a3 Bxd2 10. Qxd2 0-0 11. Rac1 a5 12. cxd5 exd5 13. Rc5 Bf5 14. Rxd5 Be4 15. Rb5 Qf6 16. Qf4 Qxf4 17. gxf4 Bxf3 18. Bxf3 Nxd4 19. Rxb7 Nxf3+ 20. exf3 Rfb8 21. Rxc7 Rxb2 22. Re1 g6 23. Ree7 Rf8 24. Ra7 Rb3 25. Rxa5 Rxf3 26. Ra4 Rc8 27. Re3 Rc3 28. Rxf3 Rxf3 29. Kg2 Rc3 30. Ra7 Kg7 31. a4 h5 32. a5 h4 33. h3 Ra3 34. Ra6 Kf8 35. Ra7 Kg7 36. Ra6 Kf8 37. Ra7 1/2-1/2

[Event "TUR-chT"]
[Site "Ankara"]
[Date "2024.07.26"]
[Round "15.40"]
[White "Akbas, Umut Ata"]
[Black "Selbes, Tarik"]
[Result "1-0"]
[WhiteElo "2447"]
[BlackElo "2183"]
[PlyCount "89"]
[EventDate "2024.07.14"]
[EventType "team-tourn"]
[EventRounds "15"]
[EventCountry "TUR"]
[SourceTitle "EXT 2025"]
[Source "ChessBase"]
[SourceDate "2024.10.14"]
[SourceVersion "1"]
[SourceVersionDate "2024.10.14"]
[SourceQuality "1"]
[WhiteTeam "Turk Hava Yollari"]
[BlackTeam "Tas Duvar"]
[WhiteTeamCountry "TUR"]
[BlackTeamCountry "TUR"]

1. d4 Nf6 2. c4 e6 3. Nc3 Bb4 4. e3 0-0 5. Bd3 c5 6. Nf3 Nc6 7. dxc5 h6 8. 0-0 Bxc5 9. b3 d5 10. cxd5 exd5 11. h3 a6 12. Bb2 Ba7 13. Rc1 Re8 14. Ne2 Ne4 15. Bb1 Bf5 16. Nf4 Ne7 17. Nh4 Bg6 18. Nhxg6 Nxg6 19. Nxd5 Qg5 20. Rc4 Nh4 21. g3 Nxf2 22. Rxf2 Qxg3+ 23. Kf1 Qxh3+ 24. Ke1 Bxe3 25. Nxe3 Rxe3+ 26. Kd2 Rd8+ 27. Rd4 Ree8 28. Kc1 Rc8+ 29. Bc2 Ng2 30. Rg4 Qe3+ 31. Rd2 Ne1 32. Rxg7+ Kf8 33. Rxf7+ Kxf7 34. Qh5+ Ke7 35. Qh4+ Qg5 36. Qxe1+ Kf8 37. Qf2+ Kg8 38. Bf6 Qg4 39. Kb2 Rf8 40. Qh2 Kf7 41. Rf2 Rc6 42. Bc3+ Ke7 43. Qe5+ Qe6 44. Bb4+ Kd7 45. Qg7+ 1-0

[Event "Belgrade Serbia op"]
[Site "Belgrade"]
[Date "2024.07.21"]
[Round "9"]
[White "Selbes, Tarik"]
[Black "Yilmaz, Baver"]
[Result "1/2-1/2"]
[WhiteElo "2183"]
[BlackElo "2280"]
[PlyCount "141"]
[EventDate "2024.07.12"]
[EventType "swiss"]
[EventRounds "9"]
[EventCountry "SRB"]
[SourceTitle "CBM 221 Extra"]
[Source "ChessBase"]
[SourceDate "2024.09.30"]
[SourceVersion "1"]
[SourceVersionDate "2024.09.30"]
[SourceQuality "1"]

1. Nf3 Nf6 2. g3 g6 3. Bg2 Bg7 4. c4 d5 5. 0-0 0-0 6. d4 dxc4 7. Nc3 c6 8. a4 a5 9. Ne5 Ng4 10. Nf3 e5 11. d5 e4 12. Nxe4 cxd5 13. Nc3 Be6 14. Ng5 Nf6 15. Nxe6 fxe6 16. e4 dxe4 17. Qe1 Nc6 18. Bg5 Qb6 19. Nb5 Nb4 20. Qe2 Nd3 21. Ra3 Rac8 22. Be3 Qa6 23. Bd4 e5 24. Be3 Kh8 25. Nc3 Qc6 26. Bg5 Qb6 27. Nb5 Rf7 28. Rc3 Nd5 29. Rc2 Rcf8 30. Be3 Nxe3 31. Qxe3 Qxe3 32. fxe3 Rxf1+ 33. Bxf1 Bh6 34. Re2 Rf3 35. Nd6 Bxe3+ 36. Kg2 Bd4 37. Nxc4 Rf7 38. Nd6 Rd7 39. Nxe4 Nxb2 40. Rc2 Re7 41. Bb5 Nd1 42. Rc8+ Kg7 43. h4 Ne3+ 44. Kh3 h5 45. Rd8 Rc7 46. Ng5 Re7 47. Bd3 Ng4 48. Bc4 Nf6 49. Ne6+ Kh6 50. Rf8 Nh7 51. Rg8 Bb6 52. Rh8 e4 53. Ng5 e3 54. Bd3 Bd4 55. Rg8 Bg7 56. Rc8 Bf6 57. Rg8 Bg7 58. Re8 Bf8 59. Rxe7 Bxe7 60. Nxh7 Kxh7 61. g4 hxg4+ 62. Kxg4 Kh6 63. Be2 Bc5 64. Kf4 Kg7 65. h5 gxh5 66. Kg5 Kf7 67. Kxh5 Kf6 68. Kg4 Ke5 69. Kf3 Kd6 70. Bb5 b6 71. Ke2 1/2-1/2

[Event "Belgrade Serbia op"]
[Site "Belgrade"]
[Date "2024.07.16"]
[Round "5"]
[White "Selbes, Tarik"]
[Black "Harsh, Suresh"]
[Result "0-1"]
[WhiteElo "2183"]
[BlackElo "2415"]
[PlyCount "144"]
[EventDate "2024.07.12"]
[EventType "swiss"]
[EventRounds "9"]
[EventCountry "SRB"]
[SourceTitle "CBM 221 Extra"]
[Source "ChessBase"]
[SourceDate "2024.09.30"]
[SourceVersion "1"]
[SourceVersionDate "2024.09.30"]
[SourceQuality "1"]

1. Nf3 d5 2. g3 Nd7 3. d4 Nb6 4. Nc3 Bf5 5. Nh4 Bg4 6. Qd3 Nf6 7. e4 e5 8. Bg2 exd4 9. Nxd5 Nbxd5 10. exd5 Bb4+ 11. Kf1 Qe7 12. Bf4 0-0-0 13. h3 Rhe8 14. Kg1 Be2 15. Qb3 Qc5 16. a3 Ba5 17. d6 Bb6 18. dxc7 Rd7 19. Qb4 Qxb4 20. axb4 Nd5 21. Bd2 Nxc7 22. Kh2 f6 23. Rhc1 Kb8 24. Kg1 g6 25. Re1 Rde7 26. Nf3 a6 27. c3 dxc3 28. bxc3 Nb5 29. Rac1 Na3 30. Nd4 Nc4 31. Bf4+ Kc8 32. h4 Bg4 33. Rxe7 Rxe7 34. Bf1 Ne5 35. Kg2 Rc7 36. f3 Bxd4 37. fxg4 Rxc3 38. Rd1 Rc2+ 39. Kh3 Nf3 40. Bg2 Ng1+ 41. Kh2 Ne2 42. Bd6 b6 43. h5 Kd7 44. Bf4 Ke6 45. Be4 Rb2 46. Rd2 Nxf4 47. Rxb2 Bxb2 48. gxf4 Bc3 49. f5+ gxf5 50. Bxf5+ Ke5 51. Bc8 a5 52. bxa5 bxa5 53. Bd7 Kf4 54. Kh3 h6 55. Bc6 Be5 56. Bd7 Kf3 57. Bc6+ Kf2 58. Bd7 Bf4 59. Be8 Bg5 60. Bc6 Ke3 61. Kg3 Kd4 62. Kf3 Kc5 63. Be8 Kb4 64. Ke2 a4 65. Bf7 Kc3 66. Kd1 a3 67. Be6 Kb2 68. Bf7 a2 69. Bxa2 Kxa2 70. Kc2 Ka3 71. Kc3 Ka2 72. Kc2 Ka1 0-1

[Event "Paracin op-A 17th"]
[Site "Paracin"]
[Date "2024.07.06"]
[Round "5"]
[White "Selbes, Tarik"]
[Black "Unsal, Gorkem"]
[Result "0-1"]
[WhiteElo "2183"]
[BlackElo "2025"]
[PlyCount "80"]
[EventDate "2024.07.03"]
[EventType "swiss"]
[EventRounds "9"]
[EventCountry "SRB"]
[SourceTitle "CBM 221 Extra"]
[Source "ChessBase"]
[SourceDate "2024.09.30"]
[SourceVersion "1"]
[SourceVersionDate "2024.09.30"]
[SourceQuality "1"]

1. Nf3 Nf6 2. g3 e6 3. Bg2 d5 4. 0-0 Bd6 5. d3 0-0 6. Nbd2 e5 7. e4 dxe4 8. dxe4 Be6 9. Qe2 Nbd7 10. Nc4 Qe7 11. Rd1 Rfd8 12. Nxd6 cxd6 13. Nh4 Nc5 14. Nf5 Bxf5 15. exf5 d5 16. g4 d4 17. g5 Ne8 18. Bf4 f6 19. c3 d3 20. Qe3 Rac8 21. Bg3 Nd6 22. Qf3 e4 23. Qg4 fxg5 24. Bxd6 Qxd6 25. Rd2 Qf4 26. Qd1 Qxf5 27. b4 Ne6 28. Qb3 Kh8 29. Re1 Nf4 30. Bxe4 Qg4+ 31. Kh1 Re8 32. Rg1 Qh3 33. Bxb7 Re7 34. Bd5 Rce8 35. Rdd1 Re2 36. Rdf1 d2 37. Bc6 Re1 38. Qf7 Qxf1 39. Qxe8+ Rxe8 40. Rxf1 Re1 0-1

[Event "Cesme op-A 10th"]
[Site "Cesme"]
[Date "2024.06.27"]
[Round "5"]
[White "Tarlabasi, Emirhan"]
[Black "Selbes, Tarik"]
[Result "1-0"]
[WhiteElo "2308"]
[BlackElo "2183"]
[PlyCount "31"]
[EventDate "2024.06.23"]
[EventType "swiss"]
[EventRounds "9"]
[EventCountry "TUR"]
[SourceTitle "CBM 220 Extra"]
[Source "ChessBase"]
[SourceDate "2024.07.31"]
[SourceVersion "1"]
[SourceVersionDate "2024.07.31"]
[SourceQuality "1"]

1. d4 Nf6 2. c4 e6 3. Nf3 Bb4+ 4. Bd2 Qe7 5. a3 Bxd2+ 6. Nbxd2 d6 7. e4 e5 8. d5 a5 9. Bd3 Nbd7 10. Bc2 0-0 11. 0-0 g6 12. Ne1 Nh5 13. g3 Ndf6 14. Ng2 Bh3 15. Qe2 c6 16. Rae1 1-0

[Event "Titled Tuesday intern op 25th Jun Late"]
[Site "Chess.com INT"]
[Date "2024.06.25"]
[Round "6"]
[White "Alvarado, Carlos"]
[Black "Selbes, Tarik"]
[Result "0-1"]
[WhiteElo "2108"]
[BlackElo "2183"]
[PlyCount "112"]
[EventDate "2024.06.25"]
[EventType "swiss (blitz)"]
[EventRounds "11"]
[EventCountry "USA"]
[SourceTitle "EXT 2025"]
[Source "ChessBase"]
[SourceDate "2024.10.14"]
[SourceVersion "1"]
[SourceVersionDate "2024.10.14"]
[SourceQuality "1"]

1. d4 d5 2. Nf3 e6 3. c4 h6 4. Nc3 Nf6 5. Bf4 Bd6 6. Bxd6 Qxd6 7. c5 Qe7 8. e3 0-0 9. b4 c6 10. Be2 Nbd7 11. Ne5 Nxe5 12. dxe5 Nd7 13. f4 b6 14. 0-0 bxc5 15. bxc5 Qxc5 16. Qd2 Rb8 17. Rfc1 Qe7 18. e4 f6 19. f5 Nxe5 20. fxe6 Bxe6 21. exd5 cxd5 22. Nxd5 Qd7 23. Rd1 Rfd8 24. Nxf6+ gxf6 25. Qxh6 Qg7 26. Qe3 Bd5 27. Bf1 Bc6 28. h3 Rxd1 29. Rxd1 Rb2 30. Rd8+ Kf7 31. Bc4+ Nxc4 32. Qxa7+ Rb7 33. Qxb7+ Bxb7 34. Rd7+ Kg6 35. Rxg7+ Kxg7 36. g4 Kg6 37. Kf2 Ne5 38. Kg3 Bd5 39. a4 Bc6 40. a5 Bb5 41. h4 Nc4 42. Kf4 Bd7 43. g5 f5 44. a6 Nb6 45. a7 Kh5 46. Ke5 Bc8 47. Kf6 f4 48. g6 f3 49. g7 f2 50. g8Q f1Q+ 51. Ke7 Qe2+ 52. Kd8 Qd3+ 53. Kc7 Qc3+ 54. Kxb6 Qb4+ 55. Kc7 Qb7+ 56. Kd8 Qd7# 0-1

[Event "Titled Tuesday intern op 25th Jun Late"]
[Site "Chess.com INT"]
[Date "2024.06.25"]
[Round "1"]
[White "Selbes, Tarik"]
[Black "Sarana, Alexey"]
[Result "0-1"]
[WhiteElo "2183"]
[BlackElo "2712"]
[PlyCount "110"]
[EventDate "2024.06.25"]
[EventType "swiss (blitz)"]
[EventRounds "11"]
[EventCountry "USA"]
[SourceTitle "EXT 2025"]
[Source "ChessBase"]
[SourceDate "2024.10.14"]
[SourceVersion "1"]
[SourceVersionDate "2024.10.14"]
[SourceQuality "1"]

1. e4 c5 2. Nf3 e6 3. c3 Nf6 4. e5 Nd5 5. Bc4 d6 6. exd6 Bxd6 7. d4 0-0 8. 0-0 Nc6 9. Bg5 Be7 10. Bxe7 Qxe7 11. Re1 Rd8 12. Bxd5 Rxd5 13. c4 Rd8 14. d5 Qf6 15. Nc3 exd5 16. Nxd5 Qd6 17. Qc2 Bg4 18. Ng5 Qg6 19. Qxg6 hxg6 20. f3 Bf5 21. Rad1 f6 22. Ne6 Bxe6 23. Rxe6 Kf7 24. Ree1 Rd7 25. Nc3 Rxd1 26. Rxd1 Nd4 27. Kf2 Re8 28. Ne4 Re5 29. Rd2 b6 30. Nc3 g5 31. Ne2 Nc6 32. Rd7+ Re7 33. Rxe7+ Kxe7 34. Ke3 Ke6 35. a3 Ke5 36. g3 Na5 37. Kd3 a6 38. b4 cxb4 39. axb4 Nc6 40. Kc3 a5 41. bxa5 bxa5 42. h3 g6 43. h4 gxh4 44. gxh4 f5 45. Kb3 Nd4+ 46. Nxd4 Kxd4 47. f4 Kc5 48. Kc3 a4 49. Kd3 a3 50. Kc3 a2 51. Kb2 Kxc4 52. Kxa2 Kd4 53. Kb3 Ke4 54. Kc4 Kxf4 55. Kd4 Kg4 0-1

[Event "Titled Tuesday intern op 04th Jun Early"]
[Site "Chess.com INT"]
[Date "2024.06.04"]
[Round "5"]
[White "Eilenberg, Jonas"]
[Black "Selbes, Tarik"]
[Result "0-1"]
[WhiteElo "2303"]
[BlackElo "2183"]
[PlyCount "100"]
[EventDate "2024.06.04"]
[EventType "swiss (blitz)"]
[EventRounds "11"]
[EventCountry "USA"]
[SourceTitle "EXT 2025"]
[Source "ChessBase"]
[SourceDate "2024.10.14"]
[SourceVersion "1"]
[SourceVersionDate "2024.10.14"]
[SourceQuality "1"]

1. d4 Nf6 2. c4 g6 3. Nc3 Bg7 4. Nf3 0-0 5. Bg5 d6 6. e3 Nc6 7. Be2 h6 8. Bh4 e5 9. 0-0 g5 10. Bg3 e4 11. Nd2 Re8 12. a3 Bf5 13. b4 Bg6 14. b5 Ne7 15. a4 c6 16. Rb1 d5 17. c5 h5 18. Qb3 Nf5 19. bxc6 bxc6 20. Qb7 Re6 21. Ba6 Nxg3 22. fxg3 h4 23. gxh4 gxh4 24. h3 Bh6 25. Nd1 Nh5 26. Rf2 Ng3 27. Be2 f5 28. a5 f4 29. Bg4 Bf5 30. exf4 e3 31. Nxe3 Rxe3 32. Qxc6 Bxb1 33. Qxh6 Re1+ 34. Nf1 Qe7 35. Bf3 Rxf1+ 36. Rxf1 Qe3+ 37. Kh2 Nxf1+ 38. Kh1 Ng3+ 39. Kh2 Be4 40. Qg5+ Kf7 41. Bg4 Qxd4 42. Qxh4 Nf1+ 43. Kh1 Rb8 44. Qh5+ Bg6 45. Qg5 Rb1 46. f5 Ng3+ 47. Kh2 Nf1+ 48. Kh1 Ne3+ 49. Kh2 Qe5+ 50. g3 Qb2+ 0-1

[Event "Titled Tuesday intern op 04th Jun Late"]
[Site "Chess.com INT"]
[Date "2024.06.04"]
[Round "6"]
[White "Neelash, Saha"]
[Black "Selbes, Tarik"]
[Result "1/2-1/2"]
[WhiteElo "2481"]
[BlackElo "2183"]
[PlyCount "81"]
[EventDate "2024.06.04"]
[EventType "swiss (blitz)"]
[EventRounds "11"]
[EventCountry "USA"]
[SourceTitle "EXT 2025"]
[Source "ChessBase"]
[SourceDate "2024.10.14"]
[SourceVersion "1"]
[SourceVersionDate "2024.10.14"]
[SourceQuality "1"]

1. d4 Nf6 2. Bg5 d5 3. e3 c5 4. Bxf6 gxf6 5. Nc3 e6 6. Qh5 Nc6 7. Nf3 cxd4 8. exd4 Bb4 9. Bd3 f5 10. 0-0 Qf6 11. Ne2 Qg6 12. Qh3 h5 13. Bb5 Qg4 14. Qxg4 hxg4 15. Ne5 Bd7 16. Nxd7 Kxd7 17. f4 a6 18. Bxc6+ bxc6 19. c3 Bd6 20. b4 a5 21. a3 Ra7 22. Rfb1 axb4 23. axb4 Rha8 24. Rxa7+ Rxa7 25. g3 Ra2 26. Kf2 f6 27. Ke3 e5 28. Rh1 Ke6 29. h3 exf4+ 30. gxf4 Rc2 31. Rg1 gxh3 32. Rh1 Rb2 33. Rxh3 Bxb4 34. Rh8 Ba5 35. Rc8 Kd7 36. Rf8 Rb3 37. Kd3 Ke7 38. Rc8 Kd7 39. Rf8 Ke7 40. Rc8 Kd7 41. Rf8 1/2-1/2

[Event "Titled Tuesday intern op 07th May Early"]
[Site "Chess.com INT"]
[Date "2024.05.07"]
[Round "1"]
[White "Selbes, Tarik"]
[Black "Maltsevskaya, Aleksandra"]
[Result "1-0"]
[WhiteElo "2219"]
[BlackElo "2393"]
[PlyCount "87"]
[EventDate "2024.05.07"]
[EventType "swiss (blitz)"]
[EventRounds "11"]
[EventCountry "USA"]
[SourceTitle "EXT 2025"]
[Source "ChessBase"]
[SourceDate "2024.10.14"]
[SourceVersion "1"]
[SourceVersionDate "2024.10.14"]
[SourceQuality "1"]

1. e4 c5 2. Nf3 e6 3. d3 d5 4. Qe2 Nc6 5. g3 Nge7 6. Bg2 g6 7. 0-0 Bg7 8. e5 Qc7 9. Re1 h6 10. h4 g5 11. hxg5 hxg5 12. Bxg5 Ng6 13. Bf6 Bxf6 14. exf6 Qd8 15. Nc3 Kf8 16. Rad1 Qxf6 17. d4 cxd4 18. Nb5 e5 19. Nc7 e4 20. Nxd5 exf3 21. Qe8+ Kg7 22. Nxf6 Rxe8 23. Nxe8+ Kf8 24. Bxf3 Nce5 25. Bg2 Bg4 26. Rxd4 Rxe8 27. Re3 Rc8 28. c3 b6 29. f4 Nc6 30. Rc4 Bd7 31. Rd3 Ke8 32. Rxd7 Kxd7 33. Bh3+ Kd8 34. Bxc8 Na5 35. Ba6 Nxc4 36. Bxc4 Ke7 37. Kf2 Nf8 38. Ke3 Nd7 39. g4 f6 40. g5 fxg5 41. fxg5 Ne5 42. Be2 Nf7 43. Kf4 Ke6 44. Bc4+ 1-0

[Event "Sardinia World op-A"]
[Site "Orosei"]
[Date "2024.04.30"]
[Round "5"]
[White "Kaczmarek, Aleksander"]
[Black "Selbes, Tarik"]
[Result "1-0"]
[WhiteElo "2362"]
[BlackElo "2219"]
[PlyCount "51"]
[EventDate "2024.04.27"]
[EventType "swiss"]
[EventRounds "9"]
[EventCountry "ITA"]
[SourceTitle "CBM 220 Extra"]
[Source "ChessBase"]
[SourceDate "2024.07.31"]
[SourceVersion "1"]
[SourceVersionDate "2024.07.31"]
[SourceQuality "1"]

1. e4 e5 2. d4 exd4 3. Qxd4 Nc6 4. Qd3 g6 5. Nc3 Bg7 6. f3 Nge7 7. Bg5 h6 8. Bh4 0-0 9. 0-0-0 g5 10. Bf2 Ng6 11. Kb1 d6 12. Qd2 Be6 13. Nge2 Nge5 14. Ng3 b5 15. Nh5 Bh8 16. h4 Nc4 17. Bxc4 bxc4 18. hxg5 hxg5 19. f4 Bg4 20. fxg5 Bxd1 21. Nxd1 Rb8 22. Qf4 f5 23. gxf6 Kf7 24. Qf5 Ne5 25. Bd4 Qc8 26. Qh7+ 1-0

[Event "Titled Tuesday intern op 21st Nov Early"]
[Site "Chess.com INT"]
[Date "2023.11.21"]
[Round "1"]
[White "Selbes, Tarik"]
[Black "Shoker, Samy"]
[Result "0-1"]
[WhiteElo "2238"]
[BlackElo "2473"]
[PlyCount "164"]
[EventDate "2023.11.21"]
[EventType "swiss (blitz)"]
[EventRounds "11"]
[EventCountry "USA"]
[SourceTitle "EXT 2025"]
[Source "ChessBase"]
[SourceDate "2024.10.14"]
[SourceVersion "1"]
[SourceVersionDate "2024.10.14"]
[SourceQuality "1"]

1. d4 Nf6 2. c4 d6 3. Nc3 Bf5 4. Qb3 b6 5. f3 Nc6 6. e3 e5 7. d5 Na5 8. Qd1 e4 9. Qd4 exf3 10. Nxf3 Be7 11. e4 Bg6 12. Bd3 0-0 13. 0-0 Nd7 14. Kh1 Bf6 15. Qf2 Qe7 16. Bd2 Rae8 17. b4 Nb7 18. Rae1 a5 19. a3 axb4 20. axb4 Ra8 21. Nb5 Ne5 22. Nxe5 Bxe5 23. Bf4 Bf6 24. e5 dxe5 25. Bxg6 hxg6 26. Bg3 Nd6 27. Nxd6 Qxd6 28. c5 Qxd5 29. cxb6 cxb6 30. Qxb6 Rfb8 31. Qc5 Rb5 32. Qxd5 Rxd5 33. Rb1 Rb8 34. Rfe1 Kf8 35. h3 Ke7 36. Re4 Ke6 37. Bf2 Rdb5 38. Rc4 Kd5 39. Rc7 R8b7 40. Rd1+ Ke6 41. Rc6+ Kf5 42. Bc5 g5 43. Rf1+ Kg6 44. g4 Rxb4 45. Bxb4 Rxb4 46. Kg2 Rb2+ 47. Rf2 Rb8 48. Re2 Re8 49. Kf3 Rd8 50. Ke4 Rd4+ 51. Kf3 Rf4+ 52. Kg3 Ra4 53. Kf3 Ra3+ 54. Re3 Ra1 55. Re2 Kh7 56. Re3 g6 57. Rxf6 Rf1+ 58. Ke4 Rxf6 59. Kd5 Re6 60. Rxe5 Rxe5+ 61. Kxe5 Kg7 62. Ke4 Kf6 63. Kd5 Ke7 64. Ke5 f6+ 65. Kd5 Kd7 66. Kd4 Kd6 67. Ke4 Ke6 68. Kd4 Kd6 69. Ke4 Kc5 70. Ke3 Kc4 71. Ke4 Kc5 72. Ke3 Kd5 73. Kd3 Ke5 74. Ke3 f5 75. Kf3 Kd4 76. Kg3 Ke4 77. h4 gxh4+ 78. Kxh4 f4 79. Kg5 f3 80. Kxg6 f2 81. g5 f1Q 82. Kg7 Qa1+ 0-1